| 000 | 00429 a2200145 4500 | ||
|---|---|---|---|
| 020 | _a9781407550268 | ||
| 020 | _a1407550268 | ||
| 041 | _aspa | ||
| 100 | _aParker, Steven | ||
| 245 | _aDe potrillo a caballo / Steve Parker ; traduccion del ingles: Marina Bendersky. | ||
| 260 | _aBath : Parragon, c2009. | ||
| 300 |
_a24 pages : color illustrations ; _c21 x 21 cm |
||
| 440 | _aDiscovery kids., Cambiar y crecer | ||
| 942 | _cBK | ||
| 999 |
_c19874 _d19874 |
||